Abraham Lincoln : (Record no. 495)

000 -CABECERA
fixed length control field 00707nam a22001937a 4500
003 - IDENTIFICADOR DEL NÚMERO DE CONTROL
control field AR-CdUCM
008 - DATOS DE LONGITUD FIJA--INFORMACIÓN GENERAL
fixed length control field 190223b ||||| |||| 00| 0 spa d
040 ## - FUENTE DE LA CATALOGACIÓN
Agencia/entidad que catalogó originalmente la obra MUNICIPALIDAD PROVINCIAL DEL CUSCO
Entidad que transcribió la catalogación BIBLIOTECA MUNICIPAL DEL CUSCO
082 ## - NÚMERO DE LA CLASIFICACIÓN DECIMAL DEWEY
No. de Clasificación 923.2 /
Notacion interna B749.
100 ## - ENTRADA PRINCIPAL--NOMBRE DE PERSONA
Nombre Personal Bothwell, J. H.
245 ## - MENCIÓN DE TÍTULO
Título Abraham Lincoln :
Resto del título Presidente mártir /
Mención de responsabilidad J. H.Bothwell
260 ## - PUBLICACIÓN, DISTRIBUCIÓN, ETC.
Lugar de publicación, distribución, etc. México :
Nombre de la editorial, distribuidor, etc. Gráfica Panamericana ;
Fecha de publicación, distribución, etc. 1965.
300 ## - DESCRIPCIÓN FÍSICA
Nº de Páginas Extensión 93 páginas. :
Dimensiones 21cm.
505 ## - NOTA DE CONTENIDO CON FORMATO
Nota de contenido formateada Contenido: Abraham Lincoln, ideas e ideales, figura y genio, su religión y muerte ...
650 ## - PUNTO DE ACCESO ADICIONAL DE MATERIA--TÉRMINO DE MATERIA
Descriptor Presidentes estadounidences
9 (RLIN) 1932
650 ## - PUNTO DE ACCESO ADICIONAL DE MATERIA--TÉRMINO DE MATERIA
Descriptor Estados Unidos de América
9 (RLIN) 1933
942 ## - ELEMENTOS DE PUNTO DE ACCESO ADICIONAL (KOHA)
Fuente de clasificación
Tipo de item Libros-BMC
945 ## - PROCESAMIENTO DE INFORMACIÓN LOCAL (OCLC)
Catalogador nom
AAAA-MM-DD - Fecha de ingreso o modificacion 2019-02-23
Holdings
Estado de retiro (separado) Fuente de clasificación o esquema de estanterías Estado dañado Ubicación Sala donde se ubica Nombre de la colección Fecha de adquisición o compra Costo, precio normal en soles Signatura topográfica Código de Barras Última vez visto (Koha) Tipo de ítem (Koha)
No     Sala Humanidades Sala Humanidades Book Cart 2019-02-23 8.00 923.2 / B749 / 1963 SH0000000683 2019-02-23 Libros-BMC

Powered by Koha